000 00408nam a22001457a 4500
005 20230118113621.0
008 210127b xxu||||| |||| 00| 0 eng d
020 _a9789381238189
041 _aeng
100 _aGOVERNMENTOF INDIA MINISTRY OF HEALTH & FAMALY WELFARE
_96336
245 _aINDIA PHARMACOPOEIA , 2018 [VOL-IV]
260 _aGHAZIABAD
_bIPCG
650 _aPHARMACY
_xD.PHARMA
_97090
942 _cBK
999 _c7437
_d7435